000 00416nam a2200157Ia 4500
008 230917s9999||||xx |||||||||||||| ||und||
020 _cPON12.5
040 _e12605
_aMAIN
041 _aEnglish
082 _a301.441 47A
100 _aUrry, John
245 0 _aAnatomy of capitalist societies: The economy, civil society and the state
260 _aLondon
_bMacmillan
_c1981
300 _axi,178 p.
942 _cBK
999 _c217921
_d217921